000 00204nam a22000857a 4500
008 170327b xxu||||| |||| 00| 0 eng d
100 _93046
_aPurang.Y.P.
245 _aScience-IX
260 _aNew Delhi
_bAPC
_c2010
999 _c6312
_d6312